Normal view
MARC view
Entry Topical Term
001 - CONTROL NUMBER
- control field: 36873
003 - CONTROL NUMBER IDENTIFIER
- control field: dpl
005 - DATE AND TIME OF LATEST TRANSACTION
- control field: 20111213103802.0
008 - FIXED-LENGTH DATA ELEMENTS
- fixed length control field: 111213|||a|||||| | ||| d
040 ## - CATALOGING SOURCE
- Original cataloging agency: dpl
- Transcribing agency: dpl
150 ## - HEADING--TOPICAL TERM
- Topical term or geographic name as entry element: Service-oriented architecture (Computer science)
670 ## - SOURCE DATA FOUND
- Source citation: Work cat.: (dpl)0: Shafii, Reza 36871, Oracle Fusion middleware 11g architecture and management /, 2011
670 ## - SOURCE DATA FOUND
- Source citation: Work cat.: (dpl)0: Shafii, Reza 36871, Oracle Fusion middleware 11g architecture and management /, 2011
